| Tag |
First Indicator |
Second Indicator |
Subfields |
| LEADER |
00000cam a2200000 a 4500 |
| 001 |
in00001471221 |
| 005 |
20151021051811.0 |
| 008 |
980305s1998 enka b 001 0 eng |
| 010 |
|
|
|a 98006380
|
| 015 |
|
|
|a GB98-52351
|
| 019 |
|
|
|a 39838991
|
| 020 |
|
|
|a 3540762590 (pbk. : alk. paper)
|
| 035 |
|
|
|a (OCoLC)38573178
|
| 035 |
|
|
|9 AJE1669AM
|
| 040 |
|
|
|a DLC
|c DLC
|d UKM
|d TXA
|d UtOrBLW
|
| 049 |
|
|
|a TXAM
|
| 050 |
0 |
0 |
|a QA76.73.J38
|b H87 1998
|
| 082 |
0 |
0 |
|a 005.13/3
|2 21
|
| 100 |
1 |
|
|a Hunt, John,
|d 1964-
|
| 245 |
1 |
0 |
|a Key Java :
|b advanced tips and techniques /
|c John Hunt and Alex McManus.
|
| 264 |
|
1 |
|a London ;
|a New York :
|b Springer,
|c [1998]
|
| 264 |
|
4 |
|c ©1998
|
| 300 |
|
|
|a xvii, 331 pages :
|b illustrations ;
|c 24 cm.
|
| 336 |
|
|
|a text
|b txt
|2 rdacontent
|
| 337 |
|
|
|a unmediated
|b n
|2 rdamedia
|
| 338 |
|
|
|a volume
|b nc
|2 rdacarrier
|
| 490 |
1 |
|
|a Practitioner series
|
| 504 |
|
|
|a Includes bibliographical references and index.
|
| 650 |
|
0 |
|a Java (Computer program language)
|
| 700 |
1 |
|
|a McManus, Alex,
|d 1972-
|
| 830 |
|
0 |
|a Practitioner series (Springer-Verlag)
|
| 948 |
|
|
|a c:ktn
|
| 999 |
|
|
|a MARS
|
| 999 |
f |
f |
|s 84a72186-e812-353e-84d3-0ba8dfc9bda3
|i bde8bc97-2542-3a89-b871-a2e272f950ae
|t 0
|
| 952 |
f |
f |
|p normal
|a Texas A&M University
|b College Station
|c Sterling C. Evans Library
|d Evans: Library Stacks
|t 0
|e QA76.73.J38 H87 1998
|h Library of Congress classification
|i unmediated -- volume
|m A14823938732
|
| 998 |
f |
f |
|a QA76.73.J38 H87 1998
|t 0
|l Evans: Library Stacks
|